书目信息 |
| 题名: |
国际市场营销理论与实务
|
|
| 作者: | 李世嘉 编著 | |
| 分册: | ||
| 出版信息: | 北京 高等教育出版社 2005.01 |
|
| 页数: | 304页 | |
| 开本: | 24cm | |
| 丛书名: | 高等职业教育技能型人才培养培训工程系列教材 | |
| 单 册: | ||
| 中图分类: | F740.2 | |
| 科图分类: | ||
| 主题词: | 国际市场--guo ji shi chang--市场营销学--高等学校--教材 | |
| 电子资源: | ||
| ISBN: | 978-7-04-015985-1 | |
| 000 | 01218nam 2200277 450 | |
| 001 | 012008740532 | |
| 005 | 20080414144626.23 | |
| 010 | @a978-7-04-015985-1@dCNY22.90 | |
| 100 | @a20080414d2005 em y0chiy0120 ea | |
| 101 | 0 | @achi |
| 102 | @aCN@b110000 | |
| 105 | @aa a 000yy | |
| 106 | @ar | |
| 200 | 1 | @a国际市场营销理论与实务@Aguo ji shi chang ying xiao li lun yu shi wu@f李世嘉编著@Fli shi jia bian zhu |
| 210 | @a北京@c高等教育出版社@d2005.01 | |
| 215 | @a304页@c图@d24cm | |
| 225 | 2 | @a高等职业教育技能型人才培养培训工程系列教材@Agao deng zhi ye jiao yu ji neng xing ren cai pei yang pei xun gong cheng xi lie jiao cai |
| 300 | @a普通高等教育“十五”国家级规划教材 | |
| 320 | @a有书目 (第303-304页) | |
| 330 | @a本书较为系统地介绍了市场营销和国际市场营销的基本概念与原理,国际市场营销环境从宏观到微观的分析与调研,国际市场营销的各种战略及“4P”策略。本书还配有“名人名言”、“营销格言”、“营销寓言”、“案例”、“知识库”等。 | |
| 410 | 0 | @12001 @a高等职业教育技能型人才培养培训工程系列教材 |
| 606 | 0 | @a国际市场@Aguo ji shi chang@x市场营销学@x高等学校@j教材 |
| 690 | @aF740.2@v4 | |
| 701 | 0 | @a李世嘉@Ali shi jia@4编著 |
| 801 | 0 | @aCN@bQSSK@c20080414 |
| 905 | @b291143-45@dF740.2@eL262@f3 | |
| 国际市场营销理论与实务/李世嘉编著.-北京:高等教育出版社,2005.01 |
| 304页:图;24cm.-(高等职业教育技能型人才培养培训工程系列教材) |
| 普通高等教育“十五”国家级规划教材 |
| ISBN 978-7-04-015985-1:CNY22.90 |
| 本书较为系统地介绍了市场营销和国际市场营销的基本概念与原理,国际市场营销环境从宏观到微观的分析与调研,国际市场营销的各种战略及“4P”策略。本书还配有“名人名言”、“营销格言”、“营销寓言”、“案例”、“知识库”等。 |
| ● |
| 相关链接 |
|
|
|
正题名:国际市场营销理论与实务
索取号:F740.2/L262
 
预约/预借
| 序号 | 登录号 | 条形码 | 馆藏地/架位号 | 状态 | 备注 |
| 1 | 291143 | 202911439 | 社科库409/409社科库 48排1列5层/ [索取号:F740.2/L262] | 在馆 | |
| 2 | 291144 | 202911448 | 社科库409/409社科库 48排1列5层/ [索取号:F740.2/L262] | 在馆 | |
| 3 | 291145 | 202911457 | 社科二线422/409社科库 48排1列5层/ [索取号:F740.2/L262] | 在馆 |